| 000 | 01134nam2a22002531 4500 | ||
|---|---|---|---|
| 001 | rc\3992549 | ||
| 005 | 20250611050628.0 | ||
| 021 |
_aRU _b[55-46436] |
||
| 035 | _a(NLR Aleph) 008068528 | ||
| 090 |
_a9048358 _c9048358 |
||
| 100 | _a20130415d1955 |||y0rusy50 ca | ||
| 101 | 1 |
_arus _ceng |
|
| 102 | _aRU | ||
| 105 | _ay z |||h| | ||
| 200 | 1 |
_aСтатьи и речи о денежном обращении и банках _f[Предисл. С. Выгодского] |
|
| 210 |
_aМосква _cГосполитиздат _d1955 |
||
| 215 | _a392 с. | ||
| 461 | 0 |
_1001rc\3992547 _12001#$aСочинения$fПер. под ред. чл.-кор. Акад. наук СССР М.Н. Смит. Т. 1-$vТ. 2 _1700#1$aРикардо$bД.$f1772-1823$gДавид _99048350 _aРикардо, Д. (1772-1823) _cМосква _d1955 _fПер. под ред. чл.-кор. Акад. наук СССР М.Н. Смит. Т. 1- _nГосполитиздат _tСочинения _vТ. 2 |
|
| 702 | 1 |
_aВыгодский _bС. _4080 |
|
| 801 | 0 |
_aRU _bNLR _gpsbo |
|
| 801 | 1 |
_aRU _bELAR _2rusmarc |
|
| 852 |
_aNLR _jЭк14 Г-5/33 |
||
| 942 | _cBOOK | ||
| 980 | _aNB | ||